000 00896nam a2200301 i 4500
001 000019759
003 DO-SdBNP
005 20230613105546.0
007 ta
008 100705s20? ck a r 000 f spa d
040 _aDO-SdBNP
_bspa
_cBNPHU
_erda
082 _bR426g
_222
100 _942216
110 _aRepública Dominicana.
_bMinisterio de salud Pública
245 1 0 _aGasto en salud reproductiva y violencia de género /
_cBautista Rojas Gómez, Ministro
264 _aSanto Domingo :
_bMinisterio de Salud Pública,
_c[sin fecha].
300 _a115 paginas. ;
_c29 cm.
336 _2rdacontent
_atexto
_btxt
337 _2rdamedia
_asin mediación
_bn
338 _2rdacarrier
_avolumen
_bnc
590 _aInventariado, 2023 / DG
650 _91075
650 _91074
700 _aCarvalho, Dorindo
_eilustrador
_91338
830 _942217
910 _aDG
942 _2ddc
_cLBS1
999 _c53790
_d53790